| 000 | 00498nam a2200205 a 4500 | ||
|---|---|---|---|
| 001 | 14193 | ||
| 003 | BD-JhCC | ||
| 005 | 20250209095511.0 | ||
| 008 | 250209b2010 us |||| ||a| 000 0 eng d | ||
| 035 | _a(BD-JhCC)14193 | ||
| 040 |
_aBD-JhCC _dBD-JhCC |
||
| 041 | _aeng | ||
| 082 |
_a160.5 _bHAR 2010 |
||
| 100 | _a Hardy, Darren | ||
| 245 |
_aThe Compound Effect / _c Darren Hardy |
||
| 300 |
_a173 p . _c20 cm. |
||
| 650 | _aSelf-help and meditation | ||
| 942 |
_2ddc _cBK |
||
| 999 |
_c14193 _d14193 |
||